000 00629nam a22002297a 4500
003 OSt
005 20160503153147.0
008 160503b xxu||||| |||| 00| 0 eng d
020 _a0521639239
040 _c040a
082 _a574
_bTAY 1997
100 _aTaylor, D J
_98459
245 _aBiological science /
_cD J Taylor, N P O Green, G W Stout
250 _a3rd.ed
260 _aCambridge
_bCambridge university press
_c1997
300 _aviii, 984p;
_bill :
_c20 cm
504 _aIncludes index
650 _abiological science
_98460
700 _aGreen, N. P.O
_98461
700 _aStout, G.W
_98462
942 _2ddc
_cSLOAN
999 _c3859
_d3859